सचित्र कर्नाटक की लोक-कथाएँ / (Record no. 1069295)

MARC details
000 -LEADER
fixed length control field 01099nam a2200301 a 4500
001 - CONTROL NUMBER
control field vtls001618953
003 - CONTROL NUMBER IDENTIFIER
control field NLI
005 - DATE AND TIME OF LATEST TRANSACTION
control field 20210628133931.0
008 - FIXED-LENGTH DATA ELEMENTS--GENERAL INFORMATION
fixed length control field 121214s1959 ii 000 0 ben
020 ## - INTERNATIONAL STANDARD BOOK NUMBER
Terms of availability Rs. 1.50
039 #9 - LEVEL OF BIBLIOGRAPHIC CONTROL AND CODING DETAIL [OBSOLETE]
-- 201212141935
-- VLOAD
040 ## - CATALOGING SOURCE
Original cataloging agency NLI
Language of cataloging hineng
Transcribing agency Datasoft_Hindi_Child
Description conventions AACR2
041 0# - LANGUAGE CODE
Language code of text/sound track or separate title hin
044 ## - COUNTRY OF PUBLISHING/PRODUCING ENTITY CODE
MARC country code ii
084 ## - OTHER CLASSIFICATION NUMBER
Classification number H Sc
100 1# - MAIN ENTRY--PERSONAL NAME
Linkage 880-01
Personal name भटनागर, ज्ञानेन्द्रकुमार
9 (RLIN) 693331
245 10 - TITLE STATEMENT
Linkage 880-02
Title सचित्र कर्नाटक की लोक-कथाएँ /
Statement of responsibility, etc. ज्ञानेन्द्रकुमार भटनागर
260 ## - PUBLICATION, DISTRIBUTION, ETC.
Place of publication, distribution, etc. दिल्ली :
Name of publisher, distributor, etc. आत्माराम,
Date of publication, distribution, etc. 1959
300 ## - PHYSICAL DESCRIPTION
Extent 69 p. ;
Dimensions 20 cm.
650 #0 - SUBJECT ADDED ENTRY--TOPICAL TERM
Topical term or geographic name entry element Children's literature
9 (RLIN) 715727
880 ## - ALTERNATE GRAPHIC REPRESENTATION
Linkage 100-01 (B
a Bhattanāgar, Gyāndrakūmār
880 ## - ALTERNATE GRAPHIC REPRESENTATION
Linkage 245-02 (B
a Sacitra Karnātak kī lok-kathāeṁ /
c Gyāndrakūmār Bhattanāgar
887 ## - NON-MARC INFORMATION FIELD
Content of non-MARC field
901 ## - LOCAL DATA ELEMENT A, LDA (RLIN)
a 1376
b 05.02.1960
902 ## - LOCAL DATA ELEMENT B, LDB (RLIN)
a H Sc B
949 ## - LOCAL PROCESSING INFORMATION (OCLC)
-- VIRTUAITEM
-- 10000
-- 100
6 CHD000001376HIN
942 ## - ADDED ENTRY ELEMENTS (KOHA)
Source of classification or shelving scheme Dewey Decimal Classification
Koha item type Books
Holdings
Withdrawn status Lost status Damaged status Not for loan Collection code Home library Current library Shelving location Date acquired Total Checkouts Full call number Barcode Date last seen Price effective from Koha item type
          National Library of India National Library of India       H Sc B CHD000001376HIN 28/06/2021 28/06/2021 Books
                                                                           
web counter

Copyright ©2020 The National Library of India, Govt. of India ↔ Hosted by NVLI, MOC ↔ Technology and Design by National Library of India, Ministry of Culture, Govt. of India